01346pab a2200193 454500008004000000100001600040245007400056260000900130300001600139362001000155520075900165650001800924650001600942650002800958773003400986909001001020999001701030952010501047180718b2003 xxu||||| |||| 00| 0 eng d aGhosh, D.N. aGlobal business and political governance: some learnings from history c2003 ap.1764-771. a3 May aA brief look at critical turning-points that have marked qualitative transformations in the nexus between the polity and business. What is most noticeable is the pendulum-like movement of the status and influence of business from the periphery to the centre in the power structure. Each swing of the pendulum originates in the dysfunction of whatever organisational thrust happened to be dominant at the beginning of the swing. Surely, the present swing towards global business will generate some countervailing tendencies which will change the momentum of the process, as also its specific nature. In the process the opportunities for expansion available to the developing nations will diminish in one area, and increase perhaps in others. - Reproduced. aGlobalization aEnterprises aPolitics and government aEconomic and Political Weekly a56329 c56329d56329 00104070aIIPAbIIPAd2018-07-19hVolume no: 38, Issue no: 18pAR56774r2018-07-19w2018-07-19yAR